Beste Torschützen der Bundesligageschichte - Statistiken

Allgemein
  • Dieses Quiz wurde 141 mal gespielt
  • Das Durchschnittsergebnis liegt bei 10 aus 25
Antwortstatistiken
Goals Name % Korrekt
312 Robert Lewandowski
97%
365 Gerd Müller
90%
150 Thomas Müller
86%
162 Karl-Heinz Rummenigge
55%
137 Uwe Seeler
55%
197 Claudio Pizarro
54%
156 Marco Reus
53%
170 Mario Gomez
52%
133 Giovane Elber
50%
268 Klaus Fischer
42%
220 Jupp Heynckes
37%
132 Rudi Völler
33%
181 Ulf Kirsten
33%
177 Klaus Allofs
30%
144 Stefan Kießling
29%
177 Dieter Müller
28%
213 Manfred Burgsmüller
28%
148 Thomas Allofs
28%
157 Fritz Walter
25%
136 Horst Hrubesch
25%
131 Michael Zorc
16%
179 Stefan Kuntz
16%
166 Hannes Löhr
13%
160 Bernd Hölzenbein
11%
141 Bernd Nickel
8%
Keine übereinstimmenden Quizze gefunden
Verteilung der Resultate
Anzahl Personen mit jedem Resultat
Perzentil nach korrekt beantworteten Fragen
Ihre Resultats-Entwicklung
Sie haben dieses Quiz noch nicht gespielt